Gramaticales y filológicas de "La Prensa"

Gespeichert in:
Bibliographische Detailangaben
1. Verfasser: Garrigós, Florencio
Format: Buch
Sprache:Undetermined
Veröffentlicht: Buenos Aires, Argentina Mario Tato 1944
Schlagworte:
Tags: Tag hinzufügen
Keine Tags, Fügen Sie den ersten Tag hinzu!

MARC

LEADER 00000nam a2200000Ia 4500
008 170316s9999 xx 000 0 und d
090 |a 415-E G-4g 
100 |a Garrigós, Florencio 
245 |a Gramaticales y filológicas de "La Prensa" 
260 |a Buenos Aires, Argentina 
260 |b Mario Tato 
260 |c 1944 
300 |a 244 páginas 
650 |a GRAMÁTICA ESPAÑOLA 
999 |c 18960  |d 18960 
040 |a cru BVZT 
942 |c 15 D  |h 415-E G-4g  |2 z